Poland UEFA Euro 2024 Squad - Statistics

General Stats
  • This quiz has been taken 1,095 times
    1,043 since last reset
  • The average score is 15 of 27
Answer Stats
# Position Player % Correct
9 FW © Robert Lewandowski
98%
1 GK Wojciech Szczęsny
90%
10 MF Piotr Zieliński
83%
5 DF Jan Bednarek
71%
14 DF Jakub Kiwior
68%
21 MF Nicola Zalewski
68%
23 FW Krzysztof Piątek
65%
12 GK Łukasz Skorupski
64%
22 GK Marcin Bułka
60%
16 FW Adam Buksa
59%
7 FW Karol Świderski
59%
17 MF Damian Szymański
57%
20 MF Sebastian Szymański
57%
19 MF Przemysław Frankowski
55%
Manager Michał Probierz
52%
8 MF Jakub Moder
51%
11 MF Kamil Grosicki
48%
3 DF Paweł Dawidowicz
48%
26 MF Kacper Urbański
46%
18 DF Bartosz Bereszyński
44%
2 DF Bartosz Salamon
41%
15 DF Tymoteusz Puchacz
40%
6 MF Jakub Piotrowski
38%
24 MF Bartosz Slisz
35%
4 DF Sebastian Walukiewicz
35%
13 MF Taras Romanczuk
35%
25 MF Michał Skóraś
29%
No matching quizzes found
Score Distribution
Percent of People with Each Score
Percentile by Number Answered
Your Score History
You have not taken this quiz since the last reset